Statistics for Sammarinese things [pic]

Click here to take the quiz!

General Stats

  • This quiz has been taken 2 times
  • The average score is 5 of 16

Answer Stats

Answer% Correct
Cheese
100%
Stamps
100%
Wine
100%
Abraham Lincoln
50%
Communism
50%
Monte Titano
50%
Bustrengo
0%
Cesta
0%
Guaita
0%
Little Tony
0%
Montale
0%
Piadina
0%
Pius II
0%
Saint Agatha
0%
Saint Marinus
0%
Stadio Olimpico
0%

Score Distribution

Percentile by Number Answered

Percent of People with Each Score

Your Score History

You have not taken this quiz